00324 a2200133 450000100060000002000180000604000220002410000220004624000410006824500300010930000070013936200090014665000350015568044 a9783126749312 cAnchieta - Pituba aWolf, Nita Esther10aTaiyes Weg zum traumberufldeu / ger10aTaiyes Weg zum traumberuf a480 a2021 4aLiteratura juvenil em alemàƒo